Процессы адсорбционной доочистки промышленных сточных вод от ионов никеля и цинка в адсорберах с псевдоожиженным слоем: автореферат диссертации на соискание ученой степени кандидата технических наук; спец. 05.17.08

Détails bibliographiques
Auteur principal: Макаров А. В. Алексей Викторович
Collectivité auteur: Иркутский государственный университет путей сообщения (ИрГУПС) Кафедра "Безопасность жизнедеятельности и экология"
Autres auteurs: Руш Е. А. Елена Анатольевна (научный руководитель)
Résumé:Защита сост. 18.06.2013 г.
Langue:russe
Publié: Томск, 2013
Sujets:
Format: MixedMaterials Livre
KOHA link:https://koha.lib.tpu.ru/cgi-bin/koha/opac-detail.pl?biblionumber=240660

MARC

LEADER 00000nam0a2200000 4500
001 240660
005 20231101231746.0
035 |a (RuTPU)RU\TPU\book\261918 
090 |a 240660 
100 |a 20130624d2013 k y0rusy50 ca 
101 0 |a rus 
102 |a RU 
105 |a a dm 001zy 
200 1 |a Процессы адсорбционной доочистки промышленных сточных вод от ионов никеля и цинка в адсорберах с псевдоожиженным слоем  |e автореферат диссертации на соискание ученой степени кандидата технических наук  |e спец. 05.17.08  |f А. В. Макаров  |g Иркутский государственный университет путей сообщения (ИрГУПС), Кафедра "Безопасность жизнедеятельности и экология" ; науч. рук. Е. А. Руш 
210 |a Томск  |d 2013 
215 |a 21 с.  |c ил. 
300 |a Защита сост. 18.06.2013 г. 
320 |a Библиогр.: с. 20-21 (10 назв.). 
452 1 |0 (RuTPU)RU\TPU\book\258879  |t Процессы адсорбционной доочистки промышленных сточных вод от ионов никеля и цинка в адсорберах с псевдоожиженным слоем  |o автореферат диссертации на соискание ученой степени кандидата технических наук  |o спец. 05.17.08  |f А. В. Макаров  |g Иркутский государственный университет путей сообщения (ИрГУПС) ; науч. рук. Е. А. Руш  |c Томск  |d 2013  |a Макаров, Алексей Васильевич 
606 1 |a Сточные воды промышленные  |x Очистка  |x Адсорбционный метод  |2 stltpush  |3 (RuTPU)RU\TPU\subj\57172  |9 75036 
610 1 |a тяжелые металлы 
610 1 |a ионы 
610 1 |a металлосодержащие сточные воды 
610 1 |a сорбция 
610 1 |a водные растворы 
610 1 |a модифицированные природные цеолиты 
610 1 |a сорбенты 
610 1 |a адсорбционная доочистка 
610 1 |a авторефераты диссертаций 
610 1 |a вода 
675 |a 628.34(04)  |v 3 
686 |a 05.17.08  |2 oksvnk 
700 1 |a Макаров  |b А. В.  |g Алексей Викторович 
702 1 |a Руш  |b Е. А.  |g Елена Анатольевна  |4 727 
712 0 2 |a Иркутский государственный университет путей сообщения (ИрГУПС)  |b Кафедра "Безопасность жизнедеятельности и экология"  |2 stltpush  |3 (RuTPU)RU\TPU\col\10516 
801 1 |a RU  |b 63413507  |c 20130624 
801 2 |a RU  |b 63413507  |c 20191226  |g RCR 
942 |c BK